| 000 | 00689cam a2200217 a 4500 | ||
|---|---|---|---|
| 020 | _a0333668561 (pbk.) | ||
| 020 | _a9780333668566 (pbk.) | ||
| 040 | _cUKM | ||
| 082 | 0 | 4 | _a633 MAC 1998 A036 Or. |
| 100 | 1 | _aBayer, Wolfgang. | |
| 245 | 1 | 0 | _aForage husbandry / |
| 260 |
_aLondon : _bMacmillan, _c1998. |
||
| 300 |
_aix, 198 p. : _bill. ; _c22 cm. |
||
| 490 | 1 | _aThe tropical agriculturalist | |
| 500 | _aPublished in cooperation with the CTA (Technical Centre for Agriculture and Rural Cooperation). | ||
| 650 | 0 | _aForage plants | |
| 650 | 0 | _aRange management | |
| 700 | 1 | _aWaters-Bayer, Ann. | |
| 710 | 2 | _aTechnical Centre for Agricultural and Rural Co-operation. | |
| 942 | _cEK | ||
| 999 |
_c11340 _d11340 |
||